Řízení lidských zdrojů
Gespeichert in:
| 1. Verfasser: | |
|---|---|
| Format: | Buch |
| Sprache: | Tschechisch |
| Veröffentlicht: |
Praha
C. H. Beck
2012
|
| Schriftenreihe: | Beckova edice ekonomie
|
| Schlagworte: | |
| Tags: |
Keine Tags, Fügen Sie das erste Tag hinzu!
|
MARC
| LEADER | 00000nam a2200000 4500 | ||
|---|---|---|---|
| 001 | 0156625 | ||
| 005 | 20220905080921.3 | ||
| 020 | |a 978-80-7400-347-9 | ||
| 041 | 0 | |a cze | |
| 044 | |a CZ | ||
| 245 | 1 | 0 | |a Řízení lidských zdrojů |c Zuzana Dvořáková a kol. |
| 264 | 1 | |a Praha |b C. H. Beck |c 2012 | |
| 300 | |a 559 s. | ||
| 490 | 1 | |a Beckova edice ekonomie | |
| 830 | 0 | |a Beckova edice ekonomie | |
| 610 | 2 | 0 | |a riadenie ľudských zdrojov |
| 610 | 2 | 0 | |a trh práce |
| 610 | 2 | 0 | |a Európska únia |
| 610 | 2 | 0 | |a Česko |
| 610 | 2 | 0 | |a vzťahy pracovnoprávne |
| 610 | 2 | 0 | |a právo pracovné |
| 610 | 2 | 0 | |a bezpečnosť práce |
| 610 | 2 | 0 | |a motivácia pracovná |
| 610 | 2 | 0 | |a hodnotenie pracovníkov |
| 610 | 2 | 0 | |a vyjednávanie kolektívne |
| 610 | 2 | 0 | |a politika sociálna |
| 610 | 2 | 0 | |a politika sociálna podniková |
| 100 | 1 | |a Dvořáková, Zuzana | |